Top Goalscorer For Every Country In UEFA - Statistics

General Stats
  • This quiz has been taken 28 times
  • The average score is 18 of 55
Answer Stats
Hint Answer % Correct
Portugal Cristiano Ronaldo
88%
England Harry Kane
88%
France Olivier Giroud
88%
Belgium Romelu Lukaku
88%
Wales Gareth Bale
83%
Germany Miroslav Klose
83%
Bosnia and Herzegovina Edin Dzeko
75%
Sweden Zlatan Ibrahimovic
75%
Ukraine Andriy Shevchenko
71%
Hungary Ferenc Puskas
71%
Poland Robert Lewandowski
67%
Romania Adrian Mutu / Gheorghe Hagi
63%
Spain David Villa
63%
Netherlands Robin van Persie
58%
Serbia Aleksandar Mitrovic
54%
Armenia Henrikh Mkhitaryan
54%
Finland Teemu Pukki
54%
Croatia Davor Suker
50%
Republic of Ireland Robbie Keane
50%
Bulgaria Dimitar Berbatov
46%
Czech Republic Jan Koller
42%
Scotland Denis Law / Kenny Dalglish
38%
Iceland Gylfi Sigurdsson
38%
North Macedonia Goran Pandev
33%
Slovakia Marek Hamsik
33%
Turkiye Hakan Sukur
29%
Switzerland Alexander Frei
25%
Montenegro Stevan Jovetic
25%
Israel Eran Zahavi
17%
Slovenia Zlatko Zahovic
17%
Northern Ireland David Healy
13%
Denmark Poul Nielsen / Jon Dahl Tomasson
13%
Austria Toni Polster
13%
San Marino Andy Selva
8%
Albania Erjon Bogdani
8%
Liechtenstein Mario Frick
8%
Latvia Maris Verpakovskis
8%
Luxembourg Gerson Rodrigues
4%
Italy Gigi Riva
4%
Moldova Ion Nicolaescu
4%
Greece Nikos Anastopoulos
4%
Russia Oleg Blokhin
4%
Gibraltar Roy Chipolina / Liam Walker
4%
Georgia Shota Arveladze
4%
Kosovo Vedat Muriqi
4%
Estonia Andres Oper
0%
Kazakhstan Baktiyar Zainutdinov
0%
Azerbaijan Emin Mahmudov / Qurban Qurbanov
0%
Andorra Ildefons Lima
0%
Norway Jorgen Juve
0%
Belarus Maksim Ramashchanka
0%
Malta Michael Mifsud
0%
Cyprus Mihalis Konstantinou
0%
Faroe Islands Rogvi Jacobsen / Klaemint Olsen
0%
Lithuania Tomas Danilevicius
0%
No matching quizzes found
Score Distribution
Percent of People with Each Score
Percentile by Number Answered
Your Score History
You have not taken this quiz